Random Objects by Picture #12 - Statistics

General Stats
  • This quiz has been taken 3 times
  • The average score is 12 of 18
Answer Stats
Picture Answer % Correct
Emu
100%
Kangaroo
100%
Nintendo
100%
Whale
100%
Zoo
100%
Black Yoshi
67%
Brown Yoshi
67%
Gray Yoshi
67%
Light Blue Yoshi
67%
Red Yoshi
67%
Tickety Toc
67%
Walrus
67%
White Yoshi
67%
Yellow Yoshi
67%
Aldabra Giant Tortoise
33%
Argentavis
33%
Giant Spider
33%
Wild Ass
33%
No matching quizzes found
Score Distribution
Percent of People with Each Score
Percentile by Number Answered
Your Score History
You have not taken this quiz